Every War Israel has Fought in - Statistics

General Stats
  • This quiz has been taken 26 times
  • The average score is 4 of 13
Answer Stats
Years Involved War % Correct
(1973) Yom Kippur War
92%
(1967) Six Day War
83%
(2008-2009) (2012) (2014) Gaza War
46%
(1956) Suez Crisis
38%
(1987-1993) First Intifada
25%
(2000-2005) Second Intifada
25%
(1967-1970) War of Attrition
21%
(2011-2024) Syrian Civil War
13%
(2026-Present) War in Iran
8%
(1948-1949) 1948 Arab-Israeli War
4%
(1982) 1982 Lebanon War
4%
(2023-2025) Israel-Palestine War
4%
(1982-2000) South Lebanon Conflict
4%
No matching quizzes found
Score Distribution
Percent of People with Each Score
Percentile by Number Answered
Your Score History
You have not taken this quiz